skibidi toilet characters (all of them) - Statistics

General Stats
  • This quiz has been taken 428 times
  • The average score is 9 of 223
Answer Stats
Episode Skibidi % Correct
1 Cameraman
81%
5 G-man
46%
24 Speakerman
41%
18 Titan cameraman
40%
39 TV man
40%
26 Titan speaker man
33%
41 Titan TV man
30%
52 Camerawoman
27%
49 TV woman
27%
45 Plunger cameraman/Plunger
23%
61 Speakerwoman
22%
1 Normal toilet
20%
3 Large cameraman
17%
16 Scientist toilet
17%
24 Large speakerman
15%
40 Large TV man
15%
3 Human
12%
3 Large toilet
12%
24 Dark speakerman
11%
5 Flying toilet
11%
6 DJ toilet
10%
3 Giant toilet
10%
america 2 Obama toilet
9%
america 3 Trump toilet
9%
2 Urinal toilet
9%
13 Camera strider
8%
16 Camera toilet
8%
29 Glitch toilet
8%
7 G-Man toilet
8%
32 Infected titan speakerman
8%
28 Mafia toilet
8%
9 Police toilet
8%
16 Strider toilet
8%
60 Detainer astro toilet
7%
10 Holy toilet/Saint toilet
7%
america Joe Biden toilet
7%
72 Juggernaut astro toilet
7%
6 MIni toilet
7%
15 Brown toilet
6%
62 Buzzsaw mutant toilet
6%
16 Cat toilet
6%
17 Helicopter toilet
6%
33 helicopter toilet
6%
22 Hydra toilet
6%
31 Infected cameraman
6%
31 Infected speakerman
6%
8 Medium toilet
6%
33 Mutant toilet
6%
66 Scientist TV man
6%
45 Secret agent
6%
19 Camo toilet
5%
72 SWAT mutant toilet
5%
53 Assailant astro toilet
4%
74 Destructor astro toilet
4%
73 Energized TV man
4%
16 Engineer toilet
4%
4 Female toilet
4%
2 Female urinal toilet
4%
3 Gordon Freeman
4%
39 Jetpack toilet
4%
sleepwalk sleepwalk toilet
4%
1 Small human
4%
74 Berserker mutant toilet
3%
74 Carrier astro toilet
3%
76 Duchess astro toilet
3%
america 2 Eagle toilet
3%
2 Genie
3%
5 Giant flying toilet
3%
9 Large police toilet
3%
76 Laser toilet
3%
3 Male_07
3%
4 Micro toilet
3%
74 Mothership astro toilet
3%
30 Parasitic toilet
3%
24 Scientist speakerman
3%
28 Semi-large toilet
3%
1 Small Gordon Freeman
3%
11 Triple toilet
3%
26 Balaclava toilet
2%
22 Black toilet
2%
73 Cathy
2%
73 Dave
2%
23 Engineer cameraman
2%
14 Fast armored toilet
2%
75 Female mutant toilet
2%
48 Flying buzzsaw toilet
2%
5 Flying spawner toilet
2%
61 Geeky jesus toilet/Penguinz0 toilet
2%
66 Gun toilet
2%
74 Interceptor astro toilet
2%
32 Large parasitic toilet
2%
6 Male_09
2%
52 Medic cameraman
2%
74 Obliterator astro toilet
2%
69 skull toilet
2%
68 Walter White toilet
2%
65 Acid barrel toilet
1%
70 Acidic artillerist toilet
1%
65 Armed strider toilet
1%
44 Artillerist toilet
1%
41 Bathtub toilet
1%
64 Bomb overload toilet
1%
69 Burning toilet
1%
49 Buzzsaw strider toilet
1%
54 Camera mech
1%
74 Chair
1%
42 Claw car toilet
1%
16 Contriver toilet
1%
52 Dual blade toilet
1%
61 Dual buzzsaw car toilet
1%
70 Egg toilet
1%
11 Flying skeleton
1%
32 Giant camo toilet
1%
13 Giant flying laser toilet
1%
43 Gray toilet
1%
64 Incinerator urinal toilet
1%
55 Jetpack rocket bathtub toilet
1%
36 Large brown toilet
1%
4 Lerger medium toilet
1%
41 Medium police toilet
1%
41 Mega toilet
1%
69 Micheal Jackson toilet
1%
44 Quad-launcher toilet
1%
59 Ravanger toilet/Ravager toilet
1%
51 Rocketeer astro toilet
1%
75 Scout astro toilet
1%
55 Skull dismantler toilet
1%
6 Spiderman
1%
76 Strider astro toilet
1%
76 Troop astro toilet
1%
46 Vacuum urinal toilet
1%
76 Acid jet toilet
0%
73 Acid strider toilet
0%
69 Armed cameraman
0%
69 Armed speakerman
0%
75 Balaclava acid claw toilet
0%
7 Barney Calhoun
0%
72 Bill tank toilet
0%
47 Bladewielder strider toilet
0%
71 Cargo transporter toilet
0%
74 Chief scientist cameraman
0%
68 Claw helicopter parasitic toilet
0%
69 Claw parasitic toilet
0%
69 Damaged mutant toilet
0%
72 Dark gray mutant toilet
0%
69 Deafended blind toilet
0%
72 Dual buzzsaw mutant toilet
0%
67 Dual laser guardian
0%
50 Dual-laser strider toilet
0%
58 Duplex airstrike toilet
0%
65 Explosive barrel toilet
0%
59 Flying octo-launcher toilet
0%
68 Forklift toilet
0%
67 G-clone buzzsaw toilet
0%
67 G-clone laser
0%
67 G-clone rocket launcher
0%
50 Giant dual blade toilet
0%
51 Giant dual laser toilet
0%
63 Gray claw toilet
0%
43 Gray helicopter toilet
0%
44 Gray Octo-strider toilet
0%
25 Hanging water tank toilet
0%
70 Helicopter acidic bomber
0%
48 Helicopter blaster toilet
0%
62 Helicopter bomber toilet
0%
52 Helicopter claw toilet
0%
51 Helicopter missile toilet
0%
69 Hexa-claw toilet
0%
70 Human scientist
0%
68 Jeese Pinkman toilet
0%
68 Jetpack acid toilet
0%
58 Jetpack buzzsaw claw toilet
0%
63 | 75 Jetpack claw toilet
0%
47 Jetpack dual buzzsaw toilet
0%
68 Jetpack engineer toilet
0%
65 Jetpack hexa-launcher toilet
0%
65 Jetpack nailgunner police toilet
0%
69 Large armed cameraman
0%
66 Large gun toilet
0%
30 Large infected cameraman
0%
43 Larger gray toilet
0%
70 Large silver toilet
0%
74 Laser gunner guardian toilet
0%
68 Laser scientist toilet
0%
75 Laser soldier toilet
0%
51 Laser strider toilet
0%
69 Malformed mutant toilet
0%
70 Masked acid bomber toilet
0%
69 Masked dual buzzsaw toilet
0%
53 Medium gray toilet
0%
17 Medium helicopter toilet
0%
5 Military soldiers
0%
53 Mini gray toilet
0%
65 Missile toilet
0%
76 Multi rocketeer toilet
0%
47 Parasitic helicopter toilet
0%
72 Quaad-gun toilet
0%
73 Quad-buzzsaw strider toilet
0%
68 Quad-claw armtoilet/Scientist claw toilet
0%
70 Quad-laser toilet
0%
75 Quad-launcher strider toilet
0%
68 Repairer toilet
0%
70 Rocket car toilet
0%
70 Rocketeer Blaclava toilet
0%
74 Scientist claw laser toilet
0%
43 Semi-giant gray toilet
0%
70 Semi-large launcher toilet
0%
48 Semi-medium gray toilet
0%
75 Sergeant cameraman
0%
70 Shield rocketeer toilet
0%
72 Silver launcher toilet
0%
69 Small mutant toilet
0%
america Smoking toilet
0%
25 Toilet car speakerman
0%
49 Tri-artillerist toilet
0%
76 Ultra launcher toilet
0%
69 Unfinished mutant toilet
0%
66 Weaponized camo toilet
0%
59 Weaponized helicopter toilet
0%
72 Winged warhead toilet
0%
No matching quizzes found
Score Distribution
Percent of People with Each Score
Percentile by Number Answered
Your Score History
You have not taken this quiz